000 00306nam a2200109Ia 4500
008 160531s9999 xx 000 0 und d
100 _aProust, Marcel.
245 _aSwann's Way
245 _cby Marcel Proust
260 _c2012
856 _uhttps://ebooks.adelaide.edu.au/p/proust/marcel/p96s/contents.html
999 _c295295
_d295295